Exchange, reciprocity, and citizenship. Principles of access and the challenge to human rights in the third sector: an australian perspective. Principles of access and the challenge to human rights in the third sector: an australian perspective /
Guardado en:
| Hovedforfatter: | |
|---|---|
| Andre forfattere: | |
| Format: | Texto |
| Fag: | |
| Tags: |
Tilføj Tag
Ingen Tags, Vær først til at tagge denne postø!
|
MARC
| LEADER | 00000 a a2200000 04500 | ||
|---|---|---|---|
| 001 | 18196 | ||
| 003 | |||
| 040 | |||
| 100 | |a Short, Patricia M. | ||
| 245 | |a Exchange, reciprocity, and citizenship. Principles of access and the challenge to human rights in the third sector: an australian perspective. Principles of access and the challenge to human rights in the third sector: an australian perspective / |c Patricia M. Short ; Allyson Mutch | ||
| 650 | |a ORGANIZACIONES SIN FINES DE LUCRO | ||
| 650 | |a SERVICIOS DE LA COMUNIDAD | ||
| 650 | |a ESTADO | ||
| 650 | |a MERCADO | ||
| 650 | |a ECONOMIA MIXTA | ||
| 700 | |a Mutch, Allyson | ||
| 773 | |g volumen 28, número 4; páginas 114-127 | ||
| 999 | |c 33926 |d 33926 | ||
